000 00512nam a2200169 4500
001 145304
003 ES-MaACL
005 20230906201214.0
007 t|
008 070214s1985 ne r ||||1| eng d
020 _a9065442200
245 0 0 _aSpanish business law /
_cgeneral editor Bernardo M. Cremades.
260 _aDeventer (Holanda) :
_bKluwer Law and Taxation Publishers,
_c1985.
300 _aLXII, 656 p. ;
_c25 cm.
700 1 _aCremades, Bernardo M.
_941481
852 _aES-MaACL
_jL-10768
_bR.112764
999 _c145304
_d145304